00492nam a2200169Ia 450000500170000000800410001702000150005808200130007310000210008624500280010726000400013530000130017550000200018894200060020895200950021499900130030920250514024230.0240331s9999 xx 000 0 und d a9559662813 a158bSUM aSumanasekara , M 0aVishwaye youn Niyamuwoo aKelaniyabDeepani Publicationc2000 a160 p ., aAncient History cL 001040708LaWERCLbWERCLcSSCd2024-03-31l0o 158 SUMp4553r2024-03-31w2024-03-31yL c758d758